Statistics for Rugby Champions Cup

Click here to take the quiz!

General Stats

  • This quiz has been taken 6 times
  • The average score is 13 of 28

Answer Stats

Answer% Correct
2023Stade rochelais
100%
2022Stade rochelais
100%
1997CA Brive
60%
2020Exeter Chiefs
60%
2012Leinster
60%
2011Leinster
60%
2009Leinster
60%
2018Leinster
60%
2008Munster
60%
2015RC Toulon
60%
2014RC Toulon
60%
2013RC Toulon
60%
2017Saracens
60%
1996Stade toulousain
60%
2010Stade toulousain
60%
2021
Stade toulousain
60%
2002Leicester Tigers
40%
2006Munster
40%
2019Saracens
40%
2016Saracens
40%
2001Leicester Tigers
20%
2004London Wasps
20%
2000Northampton Saints
20%
2005Stade toulousain
20%
2003Stade toulousain
20%
1999Ulster
20%
1998Bath rugby
0%
2007London Wasps
0%

Score Distribution

Percentile by Number Answered

Percent of People with Each Score

Your Score History

You have not taken this quiz